| 000 | 00000nam##2200000za#4500 |
| 001 | 9.625566 |
| 003 | CaOODSP |
| 005 | 20240212134142 |
| 007 | ta |
| 008 | 150406|2000||||xxc||||| f|0| 0 fre|d |
| 020 | |a0-662-85563-9 |
| 022 | |a1713-0646 |
| 040 | |aCaOODSP|bfre |
| 043 | |an-cn--- |
| 086 | 1 |aNE22-1/2000-8F |
| 110 | 1 |aCanada. |bOffice national de l'énergie. |
| 245 | 10|aRicks Nova Scotia Co. - Projet de gazoduc Ladyfern : |bdemande en date du 19 juillet 2000, déposée en vertu de l'article 58 de la Loi sur l'Office national de l'énergie (la Loi) en vue de la construction du gazoduc Ladyfern à la frontière Colombie-Britannique/Alberta, Instance GH-3-2000 |
| 260 | |aCalgary - Alberta : |bOffice national de l'énergie |c2000. |
| 300 | |a15p. en pagination multiple. : |bfigure ; |c28 cm. |
| 490 | 1 |aMotifs de décision|x1713-0646 |
| 520 | 3 |aL’Office national de l’énergie publie des motifs de décision lorsqu’il s’attend à ce que l’incidence de ses décisions dépasse le cadre de la cause entendue. L’Office est un tribunal indépendant chargé de réglementer les industries du pétrole, du gaz et de l’électricité. Ses décisions ont une incidence sur l’industrie, les consommateurs d’énergie et quiconque est propriétaire d’un terrain ou vit à proximité des droits de passage de pipelines ou de lignes d’électricité internationales. Ses décisions visent à protéger l’intérêt public en ce qui a trait à la sécurité, à la protection de l’environnement et à l’efficience économique. |
| 563 | |aPolycopié |
| 590 | |a01-13|b2001-03-30 |
| 691 | 07|aPipeline|2gcpds |
| 691 | 07|aIndustrie pétrolière|2gcpds |
| 775 | 08|tRicks Nova Scotia Co. - Ladyfern Pipeline Project : |w(CaOODSP)9.615505 |
| 776 | 0#|tRicks Nova Scotia Co. - Projet de gazoduc Ladyfern : |w(CaOODSP)9.602945 |
| 830 | #0|aMotifs de décision (Canada. Office national de l'énergie)|x1713-0646|w(CaOODSP)9.513162 |
| 986 | |aGH-3-2000 |